000
00288 a2200121 4500
001
147015
040
_c
Escola São Tomás de Aquino
100
_a
REISINHO, Pedro
240
1
0
_a
O meu primeiro livro
_l
por
245
1
0
_a
O meu primeiro livro
697
_a
*LITERATURA INFANTIL
942
_c
BK
999
_c
147015
_d
147015